000 01021cam a22003254a 4500
001 4647
003 FISKH
005 20240918152437.0
008 021011s2003 nyua b 000 0 eng
010 _a 2002015495
020 _a0439524725
040 _aDLC
_cDLC
_dDLC
_beng
050 _aGV1507.P47
082 _a793.73
100 1 _aMarzollo, Jean.
245 1 0 _aI spy funny teeth /
_cRiddles by Jean Marzollo ; Photographs by Walter Wick.
260 _aNew York :
_bScholastic,
_c2003.
300 _a30 unnumbered pages :
_bcolor illustrations ;
_c23 cm
440 0 _aScholastic reader.
_nLevel 1
505 _aF
520 _aSimple text challenges the reader to find objects hidden in the photographs.
521 8 _a300
_bLexile NP
521 8 _aF
_bRaz-Plus
650 0 _aPicture puzzles
_vJuvenile literature.
650 1 _aPicture puzzles.
700 1 _aWick, Walter,
_d1953-
_eillustrator
906 _a7
_bcbc
_corignew
_d1
_eecip
_f20
_gy-gencatlg
942 _2ddc
_cBK
_n0
999 _c4647
_d4647